East Sussex or West Sussex? #1 - Statistics

General Stats
  • This quiz has been taken 28 times
  • The average score is 14 of 15
Answer Stats
Question Answer % Correct
Hastings East Sussex
100%
Lewes East Sussex
96%
Worthing West Sussex
96%
Chichester West Sussex
96%
Burgess Hill West Sussex
96%
Eastbourne East Sussex
92%
Bexhill-on-Sea East Sussex
92%
Hailsham East Sussex
92%
Crawley West Sussex
92%
Littlehampton West Sussex
92%
Shoreham-by-Sea West Sussex
92%
Horsham West Sussex
92%
Brighton and Hove East Sussex
88%
Seaford East Sussex
88%
Haywards Heath West Sussex
84%
No matching quizzes found
Score Distribution
Percent of People with Each Score
Percentile by Number Answered
Your Score History
You have not taken this quiz